000 00474nam a22001697a 4500
005 20240311152611.0
008 240311b |||||||| |||| 00| 0 eng d
020 _a97881700866253
082 _a005.117
_bGAR-O
100 _aGarrido, Jose M.
245 _aObject-oriented programming /
_cJose M.Garrido
260 _aindia:
_bperason;
_c2004.
300 _axxii, 360 p, :
_bill,
_c23 cm.
500 _aInclude index.
650 _acomputer science/programming
999 _c35310
_d35310